A manual grammar of the Greek New Testament / (Record no. 6727)

MARC details
000 -LEADER
fixed length control field 00919cam a2200289Ia 4500
001 - CONTROL NUMBER
control field 12356
003 - CONTROL NUMBER IDENTIFIER
control field GBCCL
005 - DATE AND TIME OF LATEST TRANSACTION
control field 20241126110610.0
008 - FIXED-LENGTH DATA ELEMENTS--GENERAL INFORMATION
fixed length control field 750604r19421927nyu 001 0 eng u
010 ## -
-- 27025332
035 ## - SYSTEM CONTROL NUMBER
System control number OCM01371598
040 ## - CATALOGING SOURCE
Transcribing agency DUQ
Modifying agency LBB
041 0# -
-- enggrc
049 ## -
-- LBBK
-- LBBT
050 0# -
-- PA817
-- .D3 1927
082 ## - DEWEY DECIMAL CLASSIFICATION NUMBER
Classification number 487.4
Item number DAN
092 ## - LOCALLY ASSIGNED DEWEY CALL NUMBER (OCLC)
Classification number 487.4045
Item number D168, 1927
100 1# - MAIN ENTRY--PERSONAL NAME
Personal name Dana, H. E.
Fuller form of name (Harvey Eugene),
Dates associated with a name 1888-
9 (RLIN) 12063
245 12 - TITLE STATEMENT
Title A manual grammar of the Greek New Testament /
Statement of responsibility, etc. by H. E. Dana and Julius R. Mantey.
260 ## - PUBLICATION, DISTRIBUTION, ETC.
Place of publication, distribution, etc. New York :
Name of publisher, distributor, etc. Macmillan,
Date of publication, distribution, etc. 1927, 1942.
300 ## - PHYSICAL DESCRIPTION
Extent xx, 356 p. ;
Dimensions 21 cm.
500 ## - GENERAL NOTE
General note Published in 1923 under title: A manual for the study of the Greek New Testament.
500 ## - GENERAL NOTE
General note Includes English and Greek indexes.
650 #0 - SUBJECT ADDED ENTRY--TOPICAL TERM
Topical term or geographic name entry element Greek language, Biblical
General subdivision Grammar.
9 (RLIN) 2933
700 1# - ADDED ENTRY--PERSONAL NAME
Personal name Mantey, Julius R.
9 (RLIN) 12064
942 ## - ADDED ENTRY ELEMENTS (KOHA)
Source of classification or shelving scheme Dewey Decimal Classification
Koha item type Reference Books
Holdings
Withdrawn status Lost status Source of classification or shelving scheme Damaged status Not for loan Home library Current Library Shelving location Date acquired Total checkouts Full call number Barcode Date last seen Copy number Price effective from Koha item type
    Dewey Decimal Classification     GRACE BIBLE COLLEGE GRACE BIBLE COLLEGE Language 2018-05-25   487.4 DAN 007308 2025-05-01 c.1 2018-05-25 Language
© Grace Bible College Library 2025